Statistics for NFL player quiz

Click here to take the quiz!

General Stats

  • This quiz has been taken 38 times
    (17 since last reset)
  • The average score is 5 of 7

Answer Stats

HintAnswer% Correct
What QB had 1 ring 4 MVPS and 1 superbowl Mvps and is considered one of the best Packers QBs all timeAaron Rodgers
100%
What QB has 7 rings 3 league MVPS and 5 superbowl MVPS a come back player of the year award in 2009 and a 2 time OPOY and leads the NFL in almost every QB recordsTom Brady
100%
This QB is only 26 but has won an MVP in his second season he has played for one team and has 2 pro bowls and 1 all proLamar Jackson
75%
What RB won MVP and one OPOY and has no rings but is considered one of the best RBs of all time and has played for 7 teamsAdrian Peterson
63%
What WR holds the NFL single season receiving record and is considered one of the best WRs of all time despite winning no awards in his NFL careerCalvin Johnson
63%
What LB Played for one team his whole NFL career won 2 super bowls and 3 DPOYs and is considered as one of the LBs of all time and ended redskins QB Joe Theismanns careerLawrence Taylor
63%
What QB Played at Harvard in college Played for 9 different NFL teams and has the nickname"Amish Rifle" and was known as a coin flip playerRyan Fitzpatrick
50%

Score Distribution

Percentile by Number Answered

Percent of People with Each Score

Your Score History

You have not taken this quiz since the last reset